000 00397nam a2200157Ia 4500
005 20230711131231.0
008 230524s9999 xx 000 0 und d
020 _a9788131501672
100 _aJoseph C.Giarratano
245 0 _aExpert Systems: Principles And Programming
260 _bCengage
500 _aQuantity Number: 46
650 _aComp-Sc
700 _a Gary D. Riley
942 _cBK
999 _c50613
_d50613